Primary children's use of information books (Record no. 74816)

MARC details
000 -CABECERA
campo de control de longitud fija 00665nam a2200229 a 4500
005 - FECHA Y HORA DE LA ÚLTIMA TRANSACCIÓN
campo de control 20210219153346.0
008 - ELEMENTOS DE LONGITUD FIJA--INFORMACIÓN GENERAL
campo de control de longitud fija 991125n 000 0 u
035 ## - NÚMERO DE CONTROL DEL SISTEMA
Número de control de sistema UPN01000093882
100 ## - ASIENTO PRINCIPAL--NOMBRE PERSONAL
Nombre de persona Wray, David
222 ## - TÍTULO CLAVE
Título clave READING :
Información calificativa A JOURNAL FOR THE STUDY AND IMPROVEMENT OF READING AND RELATED SKILLS
245 ## - MENCIÓN DE TÍTULO
Título Primary children's use of information books
300 ## - DESCRIPCIÓN FÍSICA
Extensión 19-24
362 ## - FECHAS DE PUBLICACIÓN Y/O DESIGNACIÓN SECUENCIAL
Fecha de publicación y/o designación secuencial 26, No. 3, 1992
505 ## - NOTA DE CONTENIDO CON FORMATO PREESTABLECIDO
Nota de contenido con formato Septiembre 1993
653 0# - TERMINO DE INDIZACION - NO CONTROLADO
Término no controlado CONDUCTA DEL ESTUDIANTE
653 0# - TERMINO DE INDIZACION - NO CONTROLADO
Término no controlado FUENTES DE INFORMACION
653 0# - TERMINO DE INDIZACION - NO CONTROLADO
Término no controlado LIBROS
653 0# - TERMINO DE INDIZACION - NO CONTROLADO
Término no controlado SOLICITUD DE INFORMACION
700 ## - ASIENTO SECUNDARIO--NOMBRE DE PERSONAL
Nombre de persona Lewis, Maureen
904 ## - ELEMENTOS DE DATOS D LOCAL, LDD (RLIN)
a AC
b 031693
905 ## - TIPO DE MATERIAL
Tipo de material Articulo

No items available.